LEADER 01574nam2 2200349 450 001 000035594 005 20180710113119.0 100 $a20131203d1930----km-y0itaa50------ba 101 0 $aita 102 $aIT 200 1 $aAbruzzi e Molise$fL. Franciosa 210 $aRoma$cLibreria Internazionale F.lli Treves Dell'Ali$d1930 215 $a148 p., [1] carta di tav. ripieg.$d27 cm 225 2 $aStudi e monografie$fIstituto nazionale di economia agraria$v7 316 $aIn testa al frontespizio dell'esemplare FVig/41011: Gioacchino Viggiani 22 maggio 1930 410 0$12001$aStudi e monografie$v7 461 1$1001000035587$12001$aRapporti fra proprietà, impresa e mano d'opera nell'agricoltura italiana$v4 606 1 $aAziende agrarie$xRapporti di lavoro$yAbruzzo 606 1 $aAziende agrarie$xRapporti di lavoro$yMolise 676 $a338.7630945$v(22. ed.)$9Imprese. Agricoltura. Italia 676 $a330.94571$v(22. ed.)$9Situazioni e condizioni economiche. Abruzzo 700 1$aFranciosa,$bLuchino$f<1887-1983>$0339030 801 0$aIT$bUniversità della Basilicata - B.I.A.$gREICAT$2unimarc 912 $a000035594 996 $aAbruzzi e Molise$91529755 997 $aUNIBAS CAT $aSTD093$b01$c20131203$lBAS01$h0907 CAT $aTTM$b30$c20140109$lBAS01$h0935 CAT $aATR$b20$c20180613$lBAS01$h1119 CAT $aATR$b20$c20180710$lBAS01$h1131 FMT Z30 -1$lBAS01$LBAS01$mBOOK$1BASA2$APolo Tecnico-Scientifico$2FVIG$BFondo Viggiani$3FVig/41011$641011$5T41011$7Collocato presso la Scuola di Agraria$820131203$f35$FStanza riservata LEADER 01368nam 2200349Ia 450 001 996386677703316 005 20200824132158.0 035 $a(CKB)4940000000082514 035 $a(EEBO)2240890088 035 $a(OCoLC)ocm16993167e 035 $a(OCoLC)16993167 035 $a(EXLCZ)994940000000082514 100 $a19871117d1680 uy | 101 0 $aeng 135 $aurbn||||a|bb| 200 10$aSome arguments$b[electronic resource] $eto prove I. The certain salvation of the christened infants of ungodly ... II. That unconverted Christians are to receive the Lords Supper ... III. That ministers may not repel those of their own parish ... IV. That the common sort of sinners are not to be excommunicated, V. With an enquiry into Mr. Baxter's doctrine of particular churches ... /$fby J.C 210 $aLondon $cPrinted for J. Robinson ...$d1680 215 $a[2], 62 p 300 $aImperfect: Print show-through. 300 $aReproduction of original in the British Library. 330 $aeebo-0018 606 $aLord's Supper$vEarly works to 1800 606 $aInfant baptism$vEarly works to 1800 615 0$aLord's Supper 615 0$aInfant baptism 700 $aJ. C$g(John Cheyney)$01002992 801 1$bEAK 801 2$bWaOLN 906 $aBOOK 912 $a996386677703316 996 $aSome arguments$92365915 997 $aUNISA